| 000 | 00523nam a22001937a 4500 | ||
|---|---|---|---|
| 005 | 20251108173443.0 | ||
| 008 | 250721s2003 xx 000 0 ara d | ||
| 020 | _a9957433040 | ||
| 082 | 1 | 4 | _a152.3/خطي |
| 100 | 1 | _aالخطيب، نسرين | |
| 245 | 1 | 0 | _aلغة الجسد / |
| 264 | 1 |
_aعمان : _bحضارة للنشر والتوزيع، _c2003. |
|
| 300 | _a95ص | ||
| 650 | 1 | 7 | _aالإيماءات |
| 650 | 1 | 7 | _aلغة الجسد |
| 700 | 1 | _aمحمد، كفاح | |
| 942 |
_2ddc _cBK |
||
| 999 |
_c104260 _d104260 |
||